Entusiasmo /

Gardado en:
Detalles Bibliográficos
Autor Principal: D'Ors, Pablo (autor)
Formato: Libro
Idioma:Lingua castelá
Publicado: Barcelona, España : Galaxia Gutenberg, 2017, c2017
Edición:2a edición
Series:(Galaxia Gutenberg ; 171)
Temas:
Etiquetas: Engadir etiqueta
Sen Etiquetas, Sexa o primeiro en etiquetar este rexistro!

MARC

LEADER 00000nam^a2200000^a^4500
001 000410279
005 20250521000000.0
009 20260310122042.83
020 |a 978-84-17088-22-4 
037 |a Acervo ITESO - Biblioteca 
041 |a ESP 
082 |a 863.  |b DOR 
100 |a D'Ors, Pablo  |e (autor) 
245 1 0 |a Entusiasmo /  |c P. D'Ors. 
250 |a 2a edición 
264 4 |a Barcelona, España :  |b Galaxia Gutenberg,  |c 2017, c2017 
300 |a 434 p. 
336 |a texto  |b txt  |2 rdacontenido 
337 |a sin mediación  |b n  |2 rdamedio 
338 |a volumen  |b nc  |2 rdasoporte 
440 1 |a (Galaxia Gutenberg ;  |v 171) 
521 |a FIL 2018 DIA 
545 0 |a Pablo D’Ors (1963 - ), sacerdote y escritor español, nieto de Eugenio D’Ors, fundador de la asociación Amigos del Desierto y consejero del Pontificio Consejo de la Cultura en 2014 a petición del papa Francisco. Su escritura cargada de entusiasmo, sentimientos y sensaciones muestra una alternativa de encuentro interior de la persona con sus deseos y realización, a través del camino del silenciamiento interior. Entre sus obras se encuentran Las ideas puras (2000); Lecciones de ilusión (2008); Sendino se muere (2012); Contra la juventud (2015); y la trilogía del silencio formada por El amigo del desierto (2009), Biografía del silencio (2012) y El olvido de sí (2013); entre otras. 
649 |a XX 
650 |a Jóvenes en la Literatura 
650 |a Novela Española 
650 |a Literatura Española -  |y Siglo XXI 
650 |a Vocación Religiosa en la Literatura 
910 |a Fondo General 
920 |a Impresos - Libros 
930 |a Colección General 
940 |a Literatura 
905 |a 101 
901 |a 0500319139  |b IT1  |c LIT  |i C163689  |u 20250521 
902 |a https://opac.biblio.iteso.mx/vufind/Record/000410279